<?xml version="1.0" encoding="UTF-8"?><?xml-stylesheet type="text/xsl" href="static/style.xsl"?><OAI-PMH xmlns="http://www.openarchives.org/OAI/2.0/" xmlns:xsi="http://www.w3.org/2001/XMLSchema-instance" xsi:schemaLocation="http://www.openarchives.org/OAI/2.0/ http://www.openarchives.org/OAI/2.0/OAI-PMH.xsd"><responseDate>2026-06-06T19:10:22Z</responseDate><request verb="GetRecord" identifier="oai:riuma.uma.es:10630/23486" metadataPrefix="marc">https://riuma.uma.es/rest/oai/request</request><GetRecord><record><header><identifier>oai:riuma.uma.es:10630/23486</identifier><datestamp>2026-02-03T10:19:53Z</datestamp><setSpec>com_10630_1685</setSpec><setSpec>col_10630_38055</setSpec></header><metadata><record xmlns="http://www.loc.gov/MARC21/slim" xmlns:dcterms="http://purl.org/dc/terms/" xmlns:doc="http://www.lyncode.com/xoai" xmlns:xsi="http://www.w3.org/2001/XMLSchema-instance" xsi:schemaLocation="http://www.loc.gov/MARC21/slim http://www.loc.gov/standards/marcxml/schema/MARC21slim.xsd">
   <leader>00925njm 22002777a 4500</leader>
   <datafield ind2=" " ind1=" " tag="042">
      <subfield code="a">dc</subfield>
   </datafield>
   <datafield ind2=" " ind1=" " tag="720">
      <subfield code="a">Pérez Fernández, Samuel</subfield>
      <subfield code="e">author</subfield>
   </datafield>
   <datafield ind2=" " ind1=" " tag="260">
      <subfield code="c">2021-09</subfield>
   </datafield>
   <datafield ind2=" " ind1=" " tag="520">
      <subfield code="a">La enterocolitis necrotizante (ECN) es una enfermedad intestinal que afecta&#xd;
de manera frecuente a recién nacidos y sobre todo a prematuros. La planificación&#xd;
de los aspectos del tratamiento y su adecuación a los pacientes es vital para la&#xd;
superación de la enfermedad. Por lo tanto, en este proyecto se propone el desarrollo de una aplicación web para gestionar las pautas de la terapia, de manera&#xd;
que se facilite la organización del tratamiento y se estandarice los diferentes pasos del tratamiento de la ECN: evaluación de los síntomas, ajuste de la respuesta&#xd;
clínica (cálculo de los aportes de leche en función de las características del paciente, control de las ingestas correspondientes y la sintomatología, etc), así como&#xd;
el registro de la información obtenida para favorecer la retroalimentación y su&#xd;
posterior análisis estadístico. Para el desarrollo de dicha aplicación se empleará&#xd;
una metodología iterativa incremental, que consta de una fase inicial y una serie de iteraciones en las que se desarrollará de manera creciente el software de la&#xd;
aplicación. Para implementar este proyecto se hará uso de distintas tecnologías,&#xd;
entre ellas Angular, NodeJS y Google Firebase para desplegar la aplicación web,&#xd;
complementos como FullCalendar y Echarts para funcionalidades específicas dentro de la aplicación y Visual Studio Code como entorno de desarrollo y editor de&#xd;
código.</subfield>
   </datafield>
   <datafield ind1="8" ind2=" " tag="024">
      <subfield code="a">https://hdl.handle.net/10630/23486</subfield>
   </datafield>
   <datafield tag="653" ind2=" " ind1=" ">
      <subfield code="a">Enfermedades intestinales - Tratamiento - Informática</subfield>
   </datafield>
   <datafield tag="653" ind2=" " ind1=" ">
      <subfield code="a">Aplicaciones (Software)</subfield>
   </datafield>
   <datafield tag="653" ind2=" " ind1=" ">
      <subfield code="a">Ingeniería biomédica</subfield>
   </datafield>
   <datafield tag="653" ind2=" " ind1=" ">
      <subfield code="a">Grado en Ingeniería de la Salud - Trabajos Fin de Grado</subfield>
   </datafield>
   <datafield tag="653" ind2=" " ind1=" ">
      <subfield code="a">Informática - Trabajos Fin de Grado</subfield>
   </datafield>
   <datafield ind2="0" ind1="0" tag="245">
      <subfield code="a">Desarrollo de una aplicación para la gestión del tratamiento de la enterocolitis necrotizante (ECN)</subfield>
   </datafield>
</record>
</metadata></record></GetRecord></OAI-PMH>